Normal view
MARC view
- COURTNEY,JACEY
Entry Personal Name
001 - CONTROL NUMBER
- control field: 133155
003 - CONTROL NUMBER IDENTIFIER
- control field: NUST
005 - DATE AND TIME OF LATEST TRANSACTION
- control field: 20260211114311.0
008 - FIXED-LENGTH DATA ELEMENTS
- fixed length control field: 260211|| aca||aabn | a|a d
040 ## - CATALOGING SOURCE
- Original cataloging agency: NUST
- Transcribing agency: NUST
100 ## - HEADING--PERSONAL NAME
- Personal name: COURTNEY,JACEY
670 ## - SOURCE DATA FOUND
- Source citation: Work cat.: (NUST): COURTNEY,JACEY., INTERNATIONAL POLITICS POWER AND PURPOSE IN GLOBAL AFFAIRS /, 2012.
